00000000nam 2200000za 4500
0019.865263
003CaOODSP
00520221107161745
007cr |||||||||||
008181127s2018    onca    o    f000 0 fre d
040 |aCaOODSP|bfre
043 |an-cn---
0861 |aCi4-186/2018F-PDF
24500|aVenir au Canada |h[ressource électronique] : |bun guide pour parrainer votre époux, votre conjoint ou votre enfant.
260 |a[Ottawa] : |bImmigration, réfugiés et citoyenneté Canada, |c[2018]
300 |a[1] p. : |bill. en coul.
500 |aPubl. aussi en anglais : Come to Canada: a guide to sponsor your spouse, partner or child.
500 |aPubl. aussi en format HTML.
69207|2gccst|aImmigration
7101 |aCanada. |bImmigration, réfugiés et citoyenneté Canada.
77508|tCome to Canada |w(CaOODSP)9.865260
85640|qPDF|s683 Ko|uhttps://publications.gc.ca/collections/collection_2018/ircc/Ci4-186-2018-fra.pdf
8564 |qHTML|sS.O.|uhttps://www.canada.ca/fr/immigration-refugies-citoyennete/services/immigrer-canada/parrainer-membre-famille/epoux-partenaire-enfant/infographie-processus.html